000 00795cam a22002171 4500
001 af 48002345
003 DLC
005 20260227110854.0
008 841207s1944 gw 000 1 ger c
010 _aaf 48002345
035 _a(OCoLC)11463355
040 _aCalifornia. Univ. Libr.
_cICarbS
_dICarbS
_dDLC
042 _apremarc
050 0 0 _aPT6434.L6
_bA44
100 1 _aStreuvels, Stijn,
_d1871-1969.
240 1 0 _aWorks.
_kSelections
245 1 0 _aAusgewählte Werke
_c[von] Stijn Streuvels [pseud.]
260 _aStuttgart,
_bEngelhornverlag
_c[1944]
300 _a2 v.
_c21 cm.
505 0 _a1. Bd. Das heisse Leben. Knecht Jan. Liebesspiel in Flandern. Prütske.--2. Bd. Der Flachsacker. Kinderseelchen. Die Männer am feurigen Ofen. Die grosse Brücke. Das herrliche Sonnenlicht.
999 _c4984
_d4984